LEADER 00925nam a2200217 i 4500 001 000000120213 003 CaOOAMICUS 005 20031113000000.0 008 031113s2002 it u000 u mul u 013 $a92907 020 $a88-7094-435-2 040 $aSeMil$bita 245 12$aL'escatologia individuale e generale /$ctraduzione a cura della Redazione delle ESD. 700 1 $aESD Edizioni Studio Domenicano : Redazione.$0(OLS)http://semarc/name/50041 700 0 $aPetrus : Lombardus,$d.$0(OLS)http://semarc/name/5101 700 0 $aTommaso : d'Aquino,$c.$0(OLS)http://semarc/name/423 850 $aSeMil 852 $aSeMil$W1$xVenegono$y1$m$j2960$B75401$CSeMilBibl$Z2$F0 $82 961 $aAcquisto: ESD Edizioni Studio Domenicano 996 $6020$a88-7094-435-2$9(OLS)http://semarc/number/105364 996 $6245$aL'escatologia individuale e generale$9(OLS)http://semarc/title/176849 LEADER 01981nam a2200361 i 4500 001 000000248597 003 CaOOAMICUS 005 20160405000000.0 008 160405s1787 it u000 u lat u 013 $a227502 026 $at.us n-ra ++++ ++++ 1787 (R) [3. e 4. gruppo di impronta non rilevabili] 040 $aSeMil$bita 245 10$aBreviarium romanum ex decreto aacrosancti Concilii Tridentini restitutum, S. Pii 5. pontificis maximi iussu editum, Clementis 8. & Urbani 8. Auctoritate recognitum; officiis trium ordinum s.p. Francisci propriae stationi assignatis, .. 260 $aVenetiis :$bApud Haeredis Nicolai Pezzana,$c1787. 300 $a[64], 1288, CXCV, [5] p., [1] carta di tav. :$bill.; 4°. 500 $aFregi e iniz. xilogr. - Front. e testo stampati in rosso e nero. - Rilegatura originale con borchie di chiusura. 650 4$aLibri liturgici - Breviario romano.$0(OLS)http://semarc/subject/59263 700 0 $aPius V,$c.$0(OLS)http://semarc/name/3050 700 0 $aUrbanus VIII,$c.$0(OLS)http://semarc/name/3052 700 0 $aClemens VIII,$c.$0(OLS)http://semarc/name/3051 710 2 $aChiesa Cattolica.$0(OLS)http://semarc/name/987 850 $aSeMil 852 $aSeMil$W1$xVenegono$y1$m3K IV 33 FA$j198943$B198943$CSeMilBibl$Z2$F210268 $8I 900 0 $aPio V$c. 900 0 $aClemente VIII$c. 900 0 $aUrbano VIII$c. 910 2 $aSanta Sede. 996 $6245$aBreviarium romanum ex decreto aacrosancti Concilii Tridentini restitutum, S. Pii 5. pontificis maximi iussu editum, Clementis 8. & Urbani 8. Auctoritate recognitum; officiis trium ordinum s.p. Francisci propriae stationi assignatis, ..$9(OLS)http://semarc/title/350788 996 $6260$aVenetiis :$bApud Haeredis Nicolai Pezzana$9(OLS)http://semarc/publisher/53236